Valtiot, joilla on sama nimi suomeksi ja englanniksi - Statistics

Yleistilastot
  • Tätä visaa on pelattu 185 kertaa
  • Keskiarvotulos 61 / 99
Vastaustilastot
Maanosa Valtio % Oikein
Eurooppa Andorra
83%
Oseania Australia
83%
Eurooppa Albania
78%
Eurooppa Liechtenstein
76%
Afrikka Algeria
75%
Etelä-Amerikka Chile
75%
Eurooppa San Marino
75%
Afrikka Libya
74%
Eurooppa Serbia
74%
Aasia Iran
73%
Eurooppa Monaco
73%
Eurooppa Kosovo
72%
Eurooppa Montenegro
71%
Afrikka Niger
71%
Etelä-Amerikka Peru
71%
Oseania Tuvalu
71%
Etelä-Amerikka Uruguay
71%
Eurooppa Malta
70%
Afrikka Nigeria
70%
Etelä-Amerikka Paraguay
70%
Aasia Vietnam
70%
Aasia Oman
69%
Eurooppa Slovakia
69%
Etelä-Amerikka Bolivia
68%
Eurooppa Moldova
68%
Eurooppa Romania
68%
Pohjois-Amerikka Haiti
67%
Oseania Nauru
67%
Eurooppa Slovenia
67%
Afrikka Togo
67%
Afrikka Ghana
66%
Etelä-Amerikka Guyana
66%
Aasia Israel
66%
Aasia Laos
66%
Oseania Palau
66%
Afrikka Angola
65%
Afrikka Benin
65%
Eurooppa Latvia
65%
Eurooppa Bulgaria
64%
Pohjois-Amerikka El Salvador
64%
Oseania Samoa
64%
Oseania Vanuatu
64%
Etelä-Amerikka Venezuela
64%
Afrikka Guinea
63%
Aasia Nepal
63%
Oseania Tonga
63%
Aasia Uzbekistan
63%
Pohjois-Amerikka Honduras
62%
Afrikka Lesotho
62%
Afrikka Mali
62%
Afrikka Sudan
62%
Etelä-Amerikka Suriname
62%
Aasia Turkmenistan
62%
Afrikka Zimbabwe
62%
Afrikka Senegal
61%
Afrikka Uganda
61%
Aasia Bhutan
59%
Etelä-Amerikka Ecuador
59%
Afrikka Eritrea
59%
Afrikka Liberia
59%
Aasia Mongolia
59%
Aasia Pakistan
59%
Pohjois-Amerikka Panama
59%
Oseania Kiribati
58%
Afrikka Mauritania
58%
Pohjois-Amerikka Belize
57%
Aasia Brunei
57%
Aasia Georgia
57%
Pohjois-Amerikka Guatemala
57%
Aasia Indonesia
57%
Afrikka Namibia
57%
Aasia Armenia
56%
Afrikka Botswana
56%
Afrikka Burundi
56%
Pohjois-Amerikka Costa Rica
56%
Afrikka Djibouti
56%
Afrikka Gambia
56%
Afrikka Mauritius
56%
Afrikka Malawi
55%
Pohjois-Amerikka Nicaragua
55%
Afrikka Somalia
55%
Aasia Bahrain
54%
Pohjois-Amerikka Barbados
54%
Afrikka Guinea-Bissau
54%
Aasia Myanmar
54%
Aasia Qatar
54%
Afrikka Sierra Leone
54%
Aasia Singapore
53%
Afrikka Gabon
52%
Pohjois-Amerikka Dominica
51%
Aasia Taiwan
50%
Aasia Bangladesh
49%
Pohjois-Amerikka Grenada
49%
Aasia Kuwait
49%
Afrikka Tunisia
49%
Aasia Sri Lanka
48%
Afrikka Burkina Faso
46%
Pohjois-Amerikka Saint Lucia
45%
Afrikka Eswatini
43%
Ehtoja vastaavia visoja ei löytynyt
Tulosjakauma
Jokaisen tuloksen saaneiden osuus
Persentiili vastausten määrän mukaan
Tuloshistoriasi
Et ole pelannut tätä visaa